ØNDI diskografi - Statistics

General Stats
  • This quiz has been taken 4 times
  • The average score is 12 of 17
Answer Stats
Answer % Correct
Fuck Dit Berlin
100%
GLASLOFT
100%
Ik Inviteret
100%
LIGHTER
100%
PANT
100%
COPY PASTE
67%
DANMARK
67%
Dem Der Alene
67%
DSB
67%
DUM SANG
67%
Game Over
67%
GUD
67%
Ik Din Bro
67%
Ik Set Det Før
67%
Spejl
67%
HELE KBH
33%
TRUE LOVE
33%
No matching quizzes found
Score Distribution
Percent of People with Each Score
Percentile by Number Answered
Your Score History
You have not taken this quiz